| 000 | 00727nam a2200217Ia 4500 | ||
|---|---|---|---|
| 003 | GCL | ||
| 008 | 140319s9999 xx 000 0 ara d | ||
| 040 |
_aGCL / _cGCL |
||
| 082 | 0 | 4 |
_a338.9 _bث ا |
| 100 | 1 | _aثيوبالد، روبرت | |
| 245 | 1 | 0 |
_aالاغنياء والفقراء / _cثيوبالد، روبرت |
| 300 | _a247 ص | ||
| 490 |
_aاخترنا لك _v0 |
||
| 650 | 0 | 4 | _aالاقتصاد |
| 650 | 0 | 4 | _aالتنمية الاقتصادية |
| 650 | 0 | 4 | _aالمعونة الاقتصادية |
| 650 | 0 | 4 | _aالدول النامية -الاحوال السياسية |
| 650 | 0 | 4 | _aالدول النامية - الاحوال الاقتصادية |
| 650 | 0 | 4 | _aالدولة النامية |
| 942 |
_2ddc _cBK |
||
| 999 |
_c40837 _d40837 |
||